LEADER 01040nam0-22003611i-450- 001 990003013040403321 010 $a0-8133-7539-8 035 $a000301304 035 $aFED01000301304 035 $a(Aleph)000301304FED01 035 $a000301304 100 $a20000920d1988----km-y0itay50------ba 101 0 $aita 102 $aIT 200 1 $aArms Sales and the U.S. Economy$eThe Impact of Restricting Military Exports$fWilliam D.Bajusz, David J.Louscher. 210 $aBoulder$aLondon$cWestview Press$d1988. 215 $aXII, 145 p.$d22 cm 225 1 $aWestview Special Studies in National Security and Defence Policy 676 $aF/1.221 676 $aF/1.34 676 $aH/2.228 676 $aN/1.6 676 $aO/3.31 702 1$aBajusz,$bWilliam D. 702 1$aLouscher,$bDavid J. 801 0$aIT$bUNINA$gRICA$2UNIMARC 901 $aBK 912 $a990003013040403321 952 $aN/1.6 BAJ$b7703$fSES 959 $aSES 996 $aArms Sales and the U.S. Economy$9467916 997 $aUNINA DB $aING01 LEADER 02957nam 22006254a 450 001 9910450806403321 005 20200520144314.0 010 $a1-138-46071-0 010 $a1-280-05260-0 010 $a0-203-40242-1 035 $a(CKB)1000000000250912 035 $a(EBL)178851 035 $a(OCoLC)437081762 035 $a(SSID)ssj0000299709 035 $a(PQKBManifestationID)11224331 035 $a(PQKBTitleCode)TC0000299709 035 $a(PQKBWorkID)10252263 035 $a(PQKB)11581949 035 $a(MiAaPQ)EBC178851 035 $a(Au-PeEL)EBL178851 035 $a(CaPaEBR)ebr10165997 035 $a(CaONFJC)MIL5260 035 $a(EXLCZ)991000000000250912 100 $a20021202d2004 uy 0 101 0 $aeng 135 $aur|n|---||||| 181 $ctxt 182 $cc 183 $acr 200 00$aInnovation in architecture$b[electronic resource] /$fedited by Alan J. Brookes and Dominique Poole 210 $aLondon ;$aNew York $cSpon Press$d2004 215 $a1 online resource (199 p.) 300 $aIncludes index. 311 $a0-203-41117-X 311 $a0-415-24133-2 327 $aIntroduction / Alan J. Brookes and Dominique Poole -- Exploring, rehearsing, delivering / Mike Davies -- Concept before calculation / Tony Hunt -- A process-oriented architecture / David Kirkland -- Material innovation and the development of form / Mark Lovell -- More than architecture : David Marks and Julia Barfield / Dominique Poole -- An engineer's perspective / Mike Cook -- Touch the earth lightly : Richard Horden / Dominique Poole -- Production processes, sources, and uses of materials : Eva Jiricna / Alan J. Brookes -- Constructing the ephemeral : innovation in the use of glass / Luke Lowings and James Carpenter -- The tradition of the primitive with modern materials : an Australian perspective / Chris Clarke -- A passion for building : Volkwin Marg / Alan J. Brookes -- The incredible lightness of being / Chris Wilkinson. 330 $aIn this highly original book, through a series of essays, key architects and engineers in Europe, Australia, and the USA describe the ideas and development behind the innovative technology in their chosen projects, with the emphasis being on the means of production and the links between design and the manufacturing process. 606 $aArchitecture and technology 606 $aArchitecture$xTechnological innovations 606 $aBuilding materials 608 $aElectronic books. 615 0$aArchitecture and technology. 615 0$aArchitecture$xTechnological innovations. 615 0$aBuilding materials. 676 $a721/.09/04 686 $a21.60$2bcl 701 $aBrookes$b Alan$f1939-$010629 701 $aPoole$b Dominique$0941666 801 0$bMiAaPQ 801 1$bMiAaPQ 801 2$bMiAaPQ 906 $aBOOK 912 $a9910450806403321 996 $aInnovation in architecture$92124250 997 $aUNINA